[Event "Foraars EMT Gruppe 1"]
[Site "Koge"]
[Date "1995.04.20"]
[Round "1"]
[White "Askgaard, Jens"]
[Black "Nielsen, Jan Mose"]
[Result "1/2-1/2"]
[WhiteElo "1885"]
[BlackElo "1735"]
[PlyCount "41"]
[EventDate "1995.??.??"]
[EventType "tourn"]
[EventRounds "7"]
[EventCountry "DEN"]

1. d4 d5 2. c4 c5 3. cxd5 Qxd5 4. Nf3 cxd4 5. Nc3 Qa5 6. Nxd4 e5 7. Ndb5 a6 8.
Nd6+ Bxd6 9. Qxd6 Nc6 10. Bd2 Be6 11. Ne4 Qd5 12. Qxd5 Bxd5 13. Nd6+ Ke7 14.
Nxb7 Rb8 15. Nc5 Rxb2 16. Bg5+ f6 17. e4 Nb4 18. Bc1 Rxa2 19. Rxa2 Bxa2 20.
Bxa6 Nxa6 21. Nxa6 1/2-1/2

[Event "Foraars EMT Gruppe 1"]
[Site "Koge"]
[Date "1995.04.20"]
[Round "1"]
[White "Carlsen, Erik"]
[Black "Larsen, Peder Lehmann"]
[Result "1/2-1/2"]
[WhiteElo "1728"]
[BlackElo "1894"]
[PlyCount "74"]
[EventDate "1995.??.??"]
[EventType "tourn"]
[EventRounds "7"]
[EventCountry "DEN"]

1. c4 Nf6 2. Nf3 g6 3. Nc3 Bg7 4. e4 d6 5. d4 O-O 6. Be2 e5 7. d5 a5 8. O-O Na6
9. Ne1 Nc5 10. f3 Nh5 11. Nd3 Nxd3 12. Bxd3 Nf4 13. Be3 Qe7 14. Rc1 Bd7 15. Bb1
Bh6 16. Kh1 Bg5 17. Qd2 h6 18. Ne2 Nxe2 19. Qxe2 b6 20. Qd2 Kg7 21. f4 Bxf4 22.
Bxf4 exf4 23. Qxf4 Rae8 24. Rf2 Qg5 25. Rcf1 Qxf4 26. Rxf4 f5 27. exf5 Bxf5 28.
Bxf5 Rxf5 29. Rxf5 gxf5 30. Kg1 Kf6 31. Kf2 Re4 32. b3 a4 33. Rd1 Ke5 34. Rd3
axb3 35. axb3 h5 36. h3 Rf4+ 37. Ke2 Re4+ 1/2-1/2

[Event "Foraars EMT Gruppe 1"]
[Site "Koge"]
[Date "1995.04.20"]
[Round "1"]
[White "Hojlund, Ib"]
[Black "Thylin, Johnny"]
[Result "1-0"]
[WhiteElo "1651"]
[BlackElo "2096"]
[PlyCount "116"]
[EventDate "1995.??.??"]
[EventType "tourn"]
[EventRounds "7"]
[EventCountry "DEN"]

1. e4 c6 2. d4 d5 3. e5 Bf5 4. Bd3 Bxd3 5. Qxd3 e6 6. Nf3 Qd7 7. c3 f5 8. exf6
gxf6 9. Bf4 Bd6 10. Bxd6 Qxd6 11. Nbd2 Na6 12. b4 Nc7 13. a4 Ne7 14. Nb3 Ng6
15. g3 O-O 16. O-O e5 17. dxe5 fxe5 18. Nfd2 Rf6 19. Rad1 Qe6 20. Qe2 Raf8 21.
Nc5 Qh3 22. f3 b6 23. Nd3 Qf5 24. Rde1 Re8 25. Nf2 h5 26. Nd3 Ne6 27. Kh1 h4
28. g4 Qg5 29. Qe3 Nef4 30. Nxf4 Nxf4 31. Nb3 h3 32. Nd2 Qg6 33. Rc1 Ng2 34.
Qe2 Qg5 35. c4 Ne3 36. Rfe1 Ng2 37. Red1 Ref8 38. Rf1 Rf4 39. cxd5 cxd5 40. Qb5
Ne3 41. Rfe1 d4 42. Rc6 R4f7 43. Qd3 Qf4 44. Qg6+ Rg7 45. Qd3 Nd5 46. Qb3 Qxd2
47. Qxd5+ Rgf7 48. Rg1 Qe3 49. Rg3 Qe1+ 50. Rg1 Qe2 51. Rf6 Kg7 52. Rf5 Rxf5
53. gxf5+ Kh8 54. Qc6 Qe3 55. Rg3 Qe1+ 56. Rg1 Qd2 57. Qg6 Qg2+ 58. Rxg2 hxg2+
1-0

[Event "Foraars EMT Gruppe 1"]
[Site "Koge"]
[Date "1995.04.20"]
[Round "1"]
[White "Schmidt, Christian"]
[Black "Andersen, Bjarne Hjorth"]
[Result "1-0"]
[WhiteElo "1642"]
[BlackElo "1937"]
[PlyCount "63"]
[EventDate "1995.??.??"]
[EventType "tourn"]
[EventRounds "7"]
[EventCountry "DEN"]

1. e4 d5 2. exd5 Nf6 3. Bc4 Nxd5 4. h3 e6 5. d3 Bc5 6. Nf3 h6 7. Nbd2 Nc6 8.
Ne4 Bb6 9. c3 O-O 10. O-O Na5 11. b4 Nc6 12. a4 a5 13. b5 Nce7 14. Ba3 Re8 15.
Qc2 Nf5 16. d4 Nd6 17. Ne5 Nf6 18. Bd3 Nfxe4 19. Bxe4 Nxe4 20. Qxe4 Qd5 21. Qf4
f6 22. Ng6 Qg5 23. Ne7+ Kf7 24. Qxg5 hxg5 25. Nxc8 Raxc8 26. Rad1 Rcd8 27. Rfe1
Rd5 28. c4 Rxd4 29. c5 Rxd1 30. Rxd1 Ba7 31. Rd7+ Re7 32. c6 1-0

[Event "Foraars EMT Gruppe 1"]
[Site "Koge"]
[Date "1995.04.27"]
[Round "2"]
[White "Hojlund, Ib"]
[Black "Askgaard, Jens"]
[Result "0-1"]
[WhiteElo "1651"]
[BlackElo "1885"]
[PlyCount "82"]
[EventDate "1995.??.??"]
[EventType "tourn"]
[EventRounds "7"]
[EventCountry "DEN"]

1. e4 e6 2. d4 d5 3. Nc3 Nf6 4. e5 Nfd7 5. Bb5 c5 6. Nf3 a6 7. Bd3 Nc6 8. Bf4
Nxd4 9. Nxd4 cxd4 10. Ne2 Qb6 11. Rb1 Qa5+ 12. c3 dxc3 13. bxc3 Qxa2 14. O-O
Qa5 15. Qc2 h6 16. Nd4 Be7 17. h3 Qc7 18. Rfe1 Nc5 19. Bh2 Nxd3 20. Qxd3 Bd7
21. Qf3 b5 22. Bf4 Qc4 23. Nb3 a5 24. Nd2 Qc7 25. Rec1 Rc8 26. Qg3 g5 27. Be3
f5 28. Bd4 a4 29. Qf3 h5 30. Qe3 Kf7 31. g4 hxg4 32. hxg4 f4 33. Qd3 Rh4 34.
Kf1 Rch8 35. Ke2 Kg7 36. Nf3 Rh3 37. Rg1 b4 38. cxb4 Rxf3 39. Kxf3 Rh3+ 40. Rg3
fxg3 41. fxg3 Be8 0-1

[Event "Foraars EMT Gruppe 1"]
[Site "Koge"]
[Date "1995.04.27"]
[Round "2"]
[White "Larsen, Peder Lehmann"]
[Black "Schmidt, Christian"]
[Result "1-0"]
[WhiteElo "1894"]
[BlackElo "1642"]
[PlyCount "51"]
[EventDate "1995.??.??"]
[EventType "tourn"]
[EventRounds "7"]
[EventCountry "DEN"]

1. e4 e5 2. Nf3 Nc6 3. Nc3 Nf6 4. Bb5 Bc5 5. Nxe5 Nxe5 6. d4 Bb4 7. dxe5 Nxe4
8. Qf3 Nxc3 9. bxc3 Be7 10. Qg3 g6 11. Bh6 Bf8 12. Bf4 c6 13. Bc4 Bg7 14. O-O
O-O 15. Rad1 Qa5 16. Rfe1 b5 17. Bb3 c5 18. Bd5 Rb8 19. e6 dxe6 20. Bxb8 exd5
21. Bd6 Bxc3 22. Re2 Be6 23. Bxf8 Kxf8 24. Qd6+ Kg7 25. Qxc5 Qa4 26. Qxc3+ 1-0

[Event "Foraars EMT Gruppe 1"]
[Site "Koge"]
[Date "1995.04.27"]
[Round "2"]
[White "Nielsen, Jan Mose"]
[Black "Carlsen, Erik"]
[Result "1-0"]
[WhiteElo "1735"]
[BlackElo "1728"]
[PlyCount "61"]
[EventDate "1995.??.??"]
[EventType "tourn"]
[EventRounds "7"]
[EventCountry "DEN"]

1. e4 c5 2. f4 d6 3. Nf3 Nc6 4. c3 Nf6 5. d3 e5 6. Be2 Be7 7. O-O O-O 8. f5 d5
9. Qc2 d4 10. Na3 a6 11. Nc4 Nd7 12. a4 Qc7 13. g4 Nb6 14. Nxb6 Qxb6 15. h4 c4
16. Kg2 cxd3 17. Bxd3 Rd8 18. g5 Bd7 19. cxd4 Nxd4 20. Qf2 Bc5 21. Be3 Nb3 22.
Rae1 Bxe3 23. Rxe3 Bxa4 24. Nxe5 Qc7 25. Ng4 Bc6 26. Kh3 Nc5 27. Bb1 Re8 28. e5
Nd7 29. e6 fxe6 30. fxe6 Nb6 31. Qf7+ 1-0

[Event "Foraars EMT Gruppe 1"]
[Site "Koge"]
[Date "1995.04.27"]
[Round "2"]
[White "Thylin, Johnny"]
[Black "Andersen, Bjarne Hjorth"]
[Result "1-0"]
[WhiteElo "2096"]
[BlackElo "1937"]
[PlyCount "51"]
[EventDate "1995.??.??"]
[EventType "tourn"]
[EventRounds "7"]
[EventCountry "DEN"]

1. e4 d5 2. exd5 Nf6 3. d4 Nxd5 4. c4 Nb6 5. Be3 Bf5 6. Nc3 e6 7. Bd3 Bxd3 8.
Qxd3 Nc6 9. Rd1 Be7 10. Nf3 O-O 11. O-O Nd7 12. Rfe1 Nf6 13. a3 a5 14. d5 exd5
15. cxd5 Nb8 16. Bd4 Bd6 17. Ne4 Nxe4 18. Rxe4 Nd7 19. Rg4 f6 20. Rxg7+ Kxg7
21. Ng5 Kh6 22. Qxh7+ Kxg5 23. Be3+ Bf4 24. h4+ Kg4 25. f3+ Kg3 26. Bf2# 1-0

[Event "Foraars EMT Gruppe 1"]
[Site "Koge"]
[Date "1995.05.04"]
[Round "3"]
[White "Andersen, Bjarne Hjorth"]
[Black "Larsen, Peder Lehmann"]
[Result "0-1"]
[WhiteElo "1937"]
[BlackElo "1894"]
[PlyCount "74"]
[EventDate "1995.??.??"]
[EventType "tourn"]
[EventRounds "7"]
[EventCountry "DEN"]

1. e4 c5 2. Nf3 d6 3. d4 cxd4 4. Qxd4 Nc6 5. Bb5 Bd7 6. Bxc6 Bxc6 7. c4 Nf6 8.
Nc3 g6 9. O-O Bg7 10. Qd3 O-O 11. Nd4 Rc8 12. Nxc6 Rxc6 13. Rb1 a6 14. f3 Nd7
15. b3 b5 16. Bf4 Ne5 17. Bxe5 Bxe5 18. Nd5 bxc4 19. bxc4 e6 20. Ne3 Qa5 21. f4
Bg7 22. a3 Qc5 23. Rfd1 Bh6 24. g3 g5 25. Kh1 gxf4 26. Ng4 Bg7 27. gxf4 Qxc4
28. Qf3 f5 29. Rb4 Qc3 30. Qxc3 Rxc3 31. exf5 exf5 32. Nf2 Rxa3 33. Rxd6 Ra8
34. Rb7 Kh8 35. Rbd7 Ra1+ 36. Kg2 Rg8 37. Rd8 Bf8+ 0-1

[Event "Foraars EMT Gruppe 1"]
[Site "Koge"]
[Date "1995.05.04"]
[Round "3"]
[White "Askgaard, Jens"]
[Black "Thylin, Johnny"]
[Result "0-1"]
[WhiteElo "1885"]
[BlackElo "2096"]
[PlyCount "128"]
[EventDate "1995.??.??"]
[EventType "tourn"]
[EventRounds "7"]
[EventCountry "DEN"]

1. d4 Nf6 2. c4 g6 3. Nc3 Bg7 4. e4 d6 5. Be2 O-O 6. Bg5 h6 7. Be3 Nc6 8. Qd2
Kh7 9. f3 a6 10. Bd1 e5 11. d5 Nd4 12. Nge2 c5 13. dxc6 bxc6 14. Nxd4 exd4 15.
Bxd4 Rb8 16. O-O Be6 17. Be2 Qa5 18. Rac1 Qb4 19. b3 d5 20. cxd5 Nxe4 21. fxe4
Bxd4+ 22. Kh1 cxd5 23. exd5 Bxd5 24. Rfd1 Bxc3 25. Rxc3 Be4 26. Qd4 Qb7 27. Bf3
Rfe8 28. Qd6 Rbc8 29. Rxc8 Qxc8 30. Qf6 Qe6 31. Qxe6 Rxe6 32. Rd2 Bxf3 33. gxf3
Kg7 34. Kg2 Kf6 35. Kf2 Kf5 36. Rd5+ Kf6 37. Ra5 Rc6 38. Ke3 Ke6 39. Kd4 g5 40.
b4 f5 41. a3 Rd6+ 42. Ke3 Rc6 43. a4 Rb6 44. Kd3 Rxb4 45. Rxa6+ Ke5 46. Rxh6
Rxa4 47. Rh5 Ra3+ 48. Ke2 Kf4 49. h4 Ra2+ 50. Ke1 Ke3 51. Kd1 gxh4 52. Rxh4
Ra1+ 53. Kc2 Kxf3 54. Kd2 f4 55. Rh3+ Kg2 56. Rh8 f3 57. Rg8+ Kf2 58. Rg7 Ra8
59. Kd1 Rd8+ 60. Kc2 Kf1 61. Rg6 f2 62. Rg7 Rh8 63. Kd2 Rh2 64. Ke3 Rg2 0-1

[Event "Foraars EMT Gruppe 1"]
[Site "Koge"]
[Date "1995.05.04"]
[Round "3"]
[White "Carlsen, Erik"]
[Black "Hojlund, Ib"]
[Result "1-0"]
[WhiteElo "1728"]
[BlackElo "1651"]
[PlyCount "87"]
[EventDate "1995.??.??"]
[EventType "tourn"]
[EventRounds "7"]
[EventCountry "DEN"]

1. c4 c5 2. Nf3 Nc6 3. Nc3 e6 4. g3 Be7 5. Bg2 Nf6 6. O-O d6 7. d4 cxd4 8. Nxd4
Nxd4 9. Qxd4 O-O 10. Rd1 Qc7 11. Nb5 Qb6 12. Qxb6 axb6 13. Be3 d5 14. Nc7 Ra4
15. b3 Rb4 16. Bd2 dxc4 17. Bxb4 Bxb4 18. bxc4 g6 19. Rd3 e5 20. Rad1 Bf5 21.
Rd8 Bc2 22. Rxf8+ Kxf8 23. Rd8+ Ke7 24. Ra8 e4 25. f3 h5 26. Nd5+ Nxd5 27. cxd5
Bc5+ 28. Kf1 e3 29. Rb8 f6 30. Rxb7+ Kd6 31. f4 Bb1 32. Ra7 Bf5 33. h3 Bb4 34.
Kg1 Bc2 35. Bf3 Ba5 36. g4 hxg4 37. hxg4 Bb1 38. a3 Bc2 39. Kg2 Bc3 40. Rf7 Bb2
41. Ra7 Bc3 42. Ra8 Bb3 43. Rg8 Bxd5 44. Rd8+ 1-0

[Event "Foraars EMT Gruppe 1"]
[Site "Koge"]
[Date "1995.05.04"]
[Round "3"]
[White "Schmidt, Christian"]
[Black "Nielsen, Jan Mose"]
[Result "1/2-1/2"]
[WhiteElo "1642"]
[BlackElo "1735"]
[PlyCount "25"]
[EventDate "1995.??.??"]
[EventType "tourn"]
[EventRounds "7"]
[EventCountry "DEN"]

1. e4 c5 2. Bc4 e6 3. Nc3 Nc6 4. Nf3 b6 5. d4 cxd4 6. Nxd4 Bb7 7. Be3 Nf6 8. f3
Bb4 9. Nde2 O-O 10. a3 Be7 11. O-O Rc8 12. Bb3 h6 13. Qd2 1/2-1/2

[Event "Foraars EMT Gruppe 1"]
[Site "Koge"]
[Date "1995.05.11"]
[Round "4"]
[White "Askgaard, Jens"]
[Black "Carlsen, Erik"]
[Result "1/2-1/2"]
[WhiteElo "1885"]
[BlackElo "1728"]
[PlyCount "29"]
[EventDate "1995.??.??"]
[EventType "tourn"]
[EventRounds "7"]
[EventCountry "DEN"]

1. d4 Nf6 2. c4 e6 3. g3 d5 4. Bg2 c6 5. Nf3 Nbd7 6. Qc2 Be7 7. O-O O-O 8. b3
Ne4 9. Nc3 f5 10. Nd2 Nxc3 11. Qxc3 Nf6 12. a4 a5 13. Ba3 Bxa3 14. Rxa3 Qe7 15.
Ra2 1/2-1/2

[Event "Foraars EMT Gruppe 1"]
[Site "Koge"]
[Date "1995.05.11"]
[Round "4"]
[White "Hojlund, Ib"]
[Black "Schmidt, Christian"]
[Result "1/2-1/2"]
[WhiteElo "1651"]
[BlackElo "1642"]
[PlyCount "114"]
[EventDate "1995.??.??"]
[EventType "tourn"]
[EventRounds "7"]
[EventCountry "DEN"]

1. e4 e5 2. Nf3 Nc6 3. Bb5 Nge7 4. O-O a6 5. Ba4 d6 6. h3 b5 7. Bb3 Na5 8. c3
Nxb3 9. Qxb3 Be6 10. Qc2 Ng6 11. d4 Nh4 12. Nbd2 Qf6 13. Nxh4 Qxh4 14. Nf3 Qf6
15. Ng5 exd4 16. Nxe6 fxe6 17. cxd4 c5 18. e5 Qf5 19. Qxf5 exf5 20. dxc5 dxe5
21. Re1 e4 22. Be3 Rc8 23. Rac1 Be7 24. Red1 Kf7 25. g3 Rc6 26. b4 Ke6 27. Rc2
Rd8 28. Rcd2 Rxd2 29. Rxd2 Bf6 30. Rc2 Kd5 31. Kf1 h6 32. h4 g5 33. hxg5 Bxg5
34. Ke2 Be7 35. a3 h5 36. Rd2+ Ke6 37. Bf4 h4 38. f3 hxg3 39. Bxg3 Bg5 40. Rd6+
Rxd6 41. Bxd6 exf3+ 42. Kxf3 Bc1 43. Bc7 Bxa3 44. Ba5 Bc1 45. Bb6 Kd5 46. Ba5
f4 47. Bc7 Bd2 48. Ba5 Be3 49. Bc7 Bd2 50. Ba5 Ke6 51. Ke4 Kd7 52. Kf3 Ke7 53.
Ke4 Ke6 54. Kf3 Kd5 55. Ke2 Bc3 56. Kf3 Be5 57. Kf2 Bb8 1/2-1/2

[Event "Foraars EMT Gruppe 1"]
[Site "Koge"]
[Date "1995.05.11"]
[Round "4"]
[White "Nielsen, Jan Mose"]
[Black "Andersen, Bjarne Hjorth"]
[Result "1/2-1/2"]
[WhiteElo "1735"]
[BlackElo "1937"]
[PlyCount "51"]
[EventDate "1995.??.??"]
[EventType "tourn"]
[EventRounds "7"]
[EventCountry "DEN"]

1. c4 Nf6 2. Nc3 d5 3. d4 g6 4. cxd5 Nxd5 5. e4 Nxc3 6. bxc3 Bg7 7. Bc4 c5 8.
Ne2 Nc6 9. Bb2 O-O 10. O-O cxd4 11. cxd4 Bg4 12. f3 Na5 13. Bxf7+ Rxf7 14. fxg4
Rxf1+ 15. Qxf1 Qd7 16. h3 Nc4 17. Qd1 Kh8 18. Qb3 Nxb2 19. Qxb2 Rd8 20. Rd1 Qc6
21. Qb1 Qc4 22. Qb2 b6 23. Kh1 Qe6 24. Qb1 Qc4 25. Qb2 Qe6 26. Qb1 1/2-1/2

[Event "Foraars EMT Gruppe 1"]
[Site "Koge"]
[Date "1995.05.11"]
[Round "4"]
[White "Thylin, Johnny"]
[Black "Larsen, Peder Lehmann"]
[Result "1-0"]
[WhiteElo "2096"]
[BlackElo "1894"]
[PlyCount "93"]
[EventDate "1995.??.??"]
[EventType "tourn"]
[EventRounds "7"]
[EventCountry "DEN"]

1. Nf3 d5 2. g3 Nf6 3. Bg2 c6 4. d3 g6 5. Bg5 Bg7 6. O-O O-O 7. Qc1 Qb6 8. Nc3
Nbd7 9. Rb1 e5 10. Bh6 Re8 11. Bxg7 Kxg7 12. b3 h6 13. e3 Nh7 14. Qb2 Qc7 15.
Rbe1 Ng5 16. Nxg5 hxg5 17. f4 g4 18. e4 d4 19. Ne2 c5 20. fxe5 Nxe5 21. Nf4 Be6
22. Qc1 Rac8 23. Rf2 Qd7 24. Ref1 b5 25. Ne2 Qd8 26. Qf4 Nd7 27. c3 g5 28. Qd2
Ne5 29. cxd4 cxd4 30. Rd1 a5 31. Qb2 Nc6 32. Rc1 Qd6 33. Rxc6 Qxc6 34. Qxd4+
Kg8 35. Qf6 Qc5 36. d4 Qe7 37. Qh6 Rc2 38. e5 Rxa2 39. Be4 Ra1+ 40. Kg2 f5 41.
exf6 Qf7 42. Qxg5+ Kf8 43. Nf4 Rc8 44. Nxe6+ Qxe6 45. Qg7+ Ke8 46. f7+ Ke7 47.
f8=Q# 1-0

[Event "Foraars EMT Gruppe 1"]
[Site "Koge"]
[Date "1995.05.18"]
[Round "5"]
[White "Andersen, Bjarne Hjorth"]
[Black "Hojlund, Ib"]
[Result "1-0"]
[WhiteElo "1937"]
[BlackElo "1651"]
[PlyCount "67"]
[EventDate "1995.??.??"]
[EventType "tourn"]
[EventRounds "7"]
[EventCountry "DEN"]

1. e4 e5 2. Nf3 Nc6 3. d4 exd4 4. Nxd4 Nxd4 5. Qxd4 d6 6. Nc3 Qf6 7. Be3 Qxd4
8. Bxd4 Ne7 9. O-O-O a6 10. Nd5 Nxd5 11. exd5 f6 12. Bd3 Bg4 13. f3 Bh5 14.
Rde1+ Kf7 15. Bf5 Be7 16. Re2 Rad8 17. Rhe1 Rhe8 18. Bxh7 Bf8 19. Bf5 Rxe2 20.
Rxe2 Kg8 21. Be6+ Bf7 22. f4 Be7 23. f5 Kf8 24. Re3 Ke8 25. Rh3 Bf8 26. Rh7 Ke7
27. g4 c5 28. Bc3 b5 29. h4 b4 30. Bd2 Rb8 31. g5 fxg5 32. hxg5 Rb7 33. f6+ Ke8
34. fxg7 1-0

[Event "Foraars EMT Gruppe 1"]
[Site "Koge"]
[Date "1995.05.18"]
[Round "5"]
[White "Carlsen, Erik"]
[Black "Thylin, Johnny"]
[Result "1/2-1/2"]
[WhiteElo "1728"]
[BlackElo "2096"]
[PlyCount "85"]
[EventDate "1995.??.??"]
[EventType "tourn"]
[EventRounds "7"]
[EventCountry "DEN"]

1. c4 Nf6 2. Nf3 g6 3. Nc3 Bg7 4. g3 O-O 5. Bg2 c6 6. e4 d5 7. cxd5 cxd5 8. e5
Ne4 9. O-O Nc6 10. d4 Bg4 11. h3 Bxf3 12. Bxf3 Nxc3 13. bxc3 Na5 14. Rb1 b6 15.
Rb5 e6 16. Rxa5 bxa5 17. c4 Rb8 18. Ba3 dxc4 19. Bxf8 Bxf8 20. d5 exd5 21. Qxd5
Qxd5 22. Bxd5 c3 23. Rc1 Rd8 24. Bb3 a4 25. Bxa4 Rc8 26. Bb3 Ba3 27. Rc2 Kf8
28. e6 fxe6 29. Bxe6 Rc7 30. Bb3 Ke7 31. Kf1 Bb2 32. Re2+ Kd6 33. Ke1 Bc1 34.
Kd1 Bd2 35. Kc2 Rc5 36. Re6+ Kd7 37. Ra6 Rc7 38. g4 Ke7 39. f3 Kf8 40. Bd5 Kg7
41. Be4 Kh6 42. h4 Be3 43. Rc6 1/2-1/2

[Event "Foraars EMT Gruppe 1"]
[Site "Koge"]
[Date "1995.05.18"]
[Round "5"]
[White "Schmidt, Christian"]
[Black "Askgaard, Jens"]
[Result "1/2-1/2"]
[WhiteElo "1642"]
[BlackElo "1885"]
[PlyCount "73"]
[EventDate "1995.??.??"]
[EventType "tourn"]
[EventRounds "7"]
[EventCountry "DEN"]

1. e4 a6 2. d4 b5 3. c4 bxc4 4. Bxc4 e6 5. d5 Nf6 6. dxe6 fxe6 7. e5 Ne4 8. Qa4
Bb7 9. Nf3 Bc5 10. Be3 Bxe3 11. fxe3 O-O 12. Bd3 Ng5 13. Nbd2 Nc6 14. O-O-O
Nxf3 15. Nxf3 Qe7 16. Qe4 g6 17. Kb1 Rab8 18. Qg4 Nb4 19. Bxg6 hxg6 20. Qxg6+
Qg7 21. Qxg7+ Kxg7 22. Rxd7+ Rf7 23. Rxf7+ Kxf7 24. Ng5+ Ke7 25. Rf1 Bxg2 26.
Rf7+ Ke8 27. Rxc7 Rd8 28. a3 Rd1+ 29. Rc1 Rxc1+ 30. Kxc1 Nd3+ 31. Kc2 Ne1+ 32.
Kd1 Nd3 33. Nxe6 Nxb2+ 34. Kc2 Nc4 35. Nc7+ Ke7 36. Nxa6 Nxe3+ 37. Kd3 1/2-1/2

[Event "Foraars EMT Gruppe 1"]
[Site "Koge"]
[Date "1995.05.25"]
[Round "6"]
[White "Askgaard, Jens"]
[Black "Andersen, Bjarne Hjorth"]
[Result "1/2-1/2"]
[WhiteElo "1885"]
[BlackElo "1937"]
[PlyCount "22"]
[EventDate "1995.??.??"]
[EventType "tourn"]
[EventRounds "7"]
[EventCountry "DEN"]

1. d4 Nf6 2. c4 g6 3. g3 Bg7 4. Bg2 O-O 5. Nc3 c6 6. Nf3 d5 7. cxd5 cxd5 8. Ne5
Nc6 9. O-O Be6 10. Nxc6 bxc6 11. Na4 Nd7 1/2-1/2

[Event "Foraars EMT Gruppe 1"]
[Site "Koge"]
[Date "1995.05.25"]
[Round "6"]
[White "Carlsen, Erik"]
[Black "Schmidt, Christian"]
[Result "1-0"]
[WhiteElo "1728"]
[BlackElo "1642"]
[PlyCount "61"]
[EventDate "1995.??.??"]
[EventType "tourn"]
[EventRounds "7"]
[EventCountry "DEN"]

1. c4 e5 2. Nc3 Bc5 3. e3 Nc6 4. Nf3 d6 5. a3 Nf6 6. Be2 O-O 7. O-O h6 8. d4
exd4 9. exd4 Bb6 10. b4 a6 11. d5 Ne7 12. Bb2 a5 13. Na4 Ng6 14. Nxb6 cxb6 15.
Qb3 Nf4 16. Rfe1 Re8 17. Bf1 Bd7 18. Rxe8+ Bxe8 19. Re1 axb4 20. Qxb4 Qc7 21.
Bxf6 gxf6 22. Qd2 Nxg2 23. Kxg2 Qd7 24. Qf4 Rxa3 25. Re3 Rxe3 26. fxe3 Kg7 27.
Nd4 f5 28. Nxf5+ Kf6 29. Bd3 Qa4 30. Qh4+ Ke5 31. Qd4# 1-0

[Event "Foraars EMT Gruppe 1"]
[Site "Koge"]
[Date "1995.05.25"]
[Round "6"]
[White "Hojlund, Ib"]
[Black "Larsen, Peder Lehmann"]
[Result "0-1"]
[WhiteElo "1651"]
[BlackElo "1894"]
[PlyCount "122"]
[EventDate "1995.??.??"]
[EventType "tourn"]
[EventRounds "7"]
[EventCountry "DEN"]

1. e4 e6 2. d4 d5 3. Nc3 Nf6 4. e5 Nfd7 5. Nf3 c5 6. Be3 cxd4 7. Bxd4 Nc6 8.
Be2 Nxd4 9. Qxd4 a6 10. O-O Bc5 11. Qg4 O-O 12. Bd3 f5 13. exf6 Nxf6 14. Qh4
Qc7 15. Rae1 h6 16. Qg3 Qxg3 17. hxg3 Ng4 18. Re2 Bd7 19. a3 Rac8 20. Ne5 Nxe5
21. Rxe5 Bd4 22. Ree1 Bxc3 23. bxc3 Rxc3 24. Rb1 Bc6 25. Rb3 Rxb3 26. cxb3 e5
27. Rc1 Kf7 28. Bxa6 Ra8 29. Bxb7 Bxb7 30. Rc7+ Kf6 31. Rxb7 Rxa3 32. Kf1 d4
33. Ke1 e4 34. b4 g5 35. Rb6+ Ke5 36. Rxh6 d3 37. Rg6 Ra1+ 38. Kd2 Ra2+ 39. Ke1
Re2+ 40. Kf1 Rb2 41. Ke1 Rxb4 42. Rxg5+ Kd4 43. Rg8 Rb1+ 44. Kd2 Rb2+ 45. Ke1
Re2+ 46. Kf1 Kc3 47. Ra8 Rb2 48. f4 e3 49. Ra1 Kc2 50. f5 Rb1+ 51. Rxb1 Kxb1
52. f6 Kc2 53. f7 d2 54. Ke2 d1=Q+ 55. Kxe3 Qd3+ 56. Kf4 Qc4+ 57. Ke5 Qxf7 58.
g4 Qg7+ 59. Kf5 Kd3 60. g5 Kd4 61. g6 Kd5 0-1

[Event "Foraars EMT Gruppe 1"]
[Site "Koge"]
[Date "1995.05.25"]
[Round "6"]
[White "Thylin, Johnny"]
[Black "Nielsen, Jan Mose"]
[Result "1/2-1/2"]
[WhiteElo "2096"]
[BlackElo "1735"]
[PlyCount "83"]
[EventDate "1995.??.??"]
[EventType "tourn"]
[EventRounds "7"]
[EventCountry "DEN"]

1. e4 c5 2. Nf3 Nc6 3. d4 cxd4 4. Nxd4 e5 5. Nb5 a6 6. Nd6+ Bxd6 7. Qxd6 Qf6 8.
Qd2 Qg6 9. f3 Nge7 10. b3 f5 11. Nc3 fxe4 12. Nxe4 d5 13. Ng3 Bf5 14. Nxf5 Qxf5
15. Bb2 O-O 16. Bd3 Qf4 17. O-O-O b5 18. Rhe1 d4 19. Be4 Rac8 20. a3 Qxd2+ 21.
Rxd2 Rfd8 22. Red1 Nd5 23. Bxd5+ Rxd5 24. f4 exf4 25. Bxd4 Rcd8 26. Bc3 Rxd2
27. Rxd2 Rxd2 28. Kxd2 Kf7 29. Kd3 g5 30. Ke4 Ke6 31. h4 gxh4 32. Be1 f3 33.
gxf3 h3 34. Bg3 h5 35. Bc7 Ne7 36. c4 h4 37. cxb5 axb5 38. a4 Nf5 39. Bh2 bxa4
40. bxa4 Ng3+ 41. Kf4 Nf1 42. Kg5 1/2-1/2

[Event "Foraars EMT Gruppe 1"]
[Site "Koge"]
[Date "1995.06.01"]
[Round "7"]
[White "Andersen, Bjarne Hjorth"]
[Black "Carlsen, Erik"]
[Result "0-1"]
[WhiteElo "1937"]
[BlackElo "1728"]
[PlyCount "50"]
[EventDate "1995.??.??"]
[EventType "tourn"]
[EventRounds "7"]
[EventCountry "DEN"]

1. e4 c5 2. Nf3 d6 3. d4 cxd4 4. Nxd4 Nf6 5. Nc3 a6 6. Bg5 e6 7. f4 Be7 8. Qd2
h6 9. Bxf6 Bxf6 10. O-O-O O-O 11. g4 g6 12. Nf3 Be7 13. h4 Kg7 14. f5 Nc6 15.
Bd3 Ne5 16. Nxe5 dxe5 17. Qh2 Qa5 18. Kb1 g5 19. hxg5 Bxg5 20. Rdf1 Rd8 21.
fxe6 Bxe6 22. Nd5 Bxd5 23. Qxe5+ f6 24. Qe7+ Bf7 25. Rxh6 Qxa2# 0-1

[Event "Foraars EMT Gruppe 1"]
[Site "Koge"]
[Date "1995.06.01"]
[Round "7"]
[White "Nielsen, Jan Mose"]
[Black "Hojlund, Ib"]
[Result "1-0"]
[WhiteElo "1735"]
[BlackElo "1651"]
[PlyCount "43"]
[EventDate "1995.??.??"]
[EventType "tourn"]
[EventRounds "7"]
[EventCountry "DEN"]

1. g4 d5 2. Bg2 Nc6 3. g5 e6 4. d4 Bb4+ 5. c3 Be7 6. h4 Bd7 7. Nf3 f6 8. Qc2
Bd6 9. h5 Qe7 10. Be3 O-O-O 11. Nbd2 Kb8 12. O-O-O Rc8 13. Kb1 Qf8 14. Rh4 e5
15. dxe5 fxg5 16. Bxg5 Bf5 17. e4 dxe4 18. Rf4 Nxe5 19. Nd4 g6 20. Nxf5 Nd3 21.
Nxd6 Qxd6 22. Nxe4 1-0

[Event "Foraars EMT Gruppe 1"]
[Site "Koge"]
[Date "1995.06.01"]
[Round "7"]
[White "Schmidt, Christian"]
[Black "Thylin, Johnny"]
[Result "0-1"]
[WhiteElo "1642"]
[BlackElo "2096"]
[PlyCount "34"]
[EventDate "1995.??.??"]
[EventType "tourn"]
[EventRounds "7"]
[EventCountry "DEN"]

1. e4 e6 2. d4 d5 3. exd5 exd5 4. c4 Nf6 5. c5 b6 6. b4 a5 7. Bd2 Qe7+ 8. Qe2
axb4 9. Qxe7+ Bxe7 10. Bxb4 bxc5 11. dxc5 O-O 12. g3 Re8 13. Ne2 Nc6 14. Ba3
Bf5 15. Bb2 Rab8 16. Nd4 Nxd4 17. Bxd4 Bxc5+ 0-1